| 000 | 00777nam a22002177a 4500 | ||
|---|---|---|---|
| 999 |
_c20421 _d20421 |
||
| 003 | AR-CdUCM | ||
| 008 | 190530b ||||| |||| 00| 0 spa d | ||
| 040 |
_aMUNICIPALIDAD PROVINCIAL DEL CUSCO _cBIBLIOTECA MUNICIPAL DEL CUSCO |
||
| 082 |
_22ed _a168.4 / _bJ25 |
||
| 100 |
_aJaspers, Karl _929283 |
||
| 245 | _aLa razón y sus enemigos en nuestro tiempo / | ||
| 260 |
_aBuenos Aires : _bEdit. Sudamericana, _c1957. |
||
| 300 |
_a99 páginas ; _c20 cm |
||
| 440 |
_aBiblioteca de filosofía _942692 |
||
| 505 | _aContenido: La exigencia del carácter científico -- La razón -- La razón en lucha... | ||
| 650 |
_aRazón _920519 |
||
| 650 |
_aFilosofía _9395 |
||
| 700 |
_aPiossek Prebisch, Lucía (traducción) _942693 |
||
| 942 |
_2ddc _cLIBROS |
||
| 945 |
_adavv _d2019-05-30 |
||